<?xml version="1.0" encoding="UTF-8"?>
<collection xmlns="http://www.loc.gov/MARC21/slim">
 <record>
  <leader>00879cam a2200217 7i4500</leader>
  <controlfield tag="001">0000020355</controlfield>
  <controlfield tag="005">20020603090000.0</controlfield>
  <datafield tag="020" ind1="#" ind2="0">
   <subfield code="a">0471969141(alk. paper) </subfield>
  </datafield>
  <datafield tag="090" ind1="0" ind2="0">
   <subfield code="a">TC 526.5 </subfield>
   <subfield code="b">S964</subfield>
  </datafield>
  <datafield tag="245" ind1="0" ind2="4">
   <subfield code="a">The sustainable management of tropical catchments.  </subfield>
   <subfield code="c">edited by David M. Harper,Tony Brown.</subfield>
  </datafield>
  <datafield tag="260" ind1="#" ind2="#">
   <subfield code="a">New York: </subfield>
   <subfield code="b">John Wiley &amp; Sons., </subfield>
   <subfield code="c">1999.</subfield>
  </datafield>
  <datafield tag="300" ind1="#" ind2="#">
   <subfield code="a">xiv, 381 p. :: </subfield>
   <subfield code="b">ill., maps ;; </subfield>
   <subfield code="c">25 cm..</subfield>
  </datafield>
  <datafield tag="500" ind1="#" ind2="#">
   <subfield code="a">Results of a conference held at the Univ. of Leicester</subfield>
  </datafield>
  <datafield tag="504" ind1="0" ind2="0">
   <subfield code="a">Includes bibliographical references and index</subfield>
  </datafield>
  <datafield tag="650" ind1="0" ind2="0">
   <subfield code="a">Soil erosion -- </subfield>
   <subfield code="x">Tropics -- </subfield>
   <subfield code="x">Congresses. </subfield>
  </datafield>
  <datafield tag="650" ind1="0" ind2="0">
   <subfield code="a">Land use -- </subfield>
   <subfield code="x">Tropics -- </subfield>
   <subfield code="x">Congresses. </subfield>
  </datafield>
  <datafield tag="650" ind1="0" ind2="0">
   <subfield code="a">Watershed management -- </subfield>
   <subfield code="x">tropics -- </subfield>
   <subfield code="x">Congresses. </subfield>
  </datafield>
  <datafield tag="700" ind1="1" ind2="1">
   <subfield code="a">Brown, </subfield>
   <subfield code="h">A.G. </subfield>
  </datafield>
  <datafield tag="700" ind1="1" ind2="1">
   <subfield code="a">Harper, </subfield>
   <subfield code="h">David M. </subfield>
  </datafield>
  <datafield tag="999" ind1=" " ind2=" ">
   <subfield code="a">1100005239</subfield>
   <subfield code="b">Book</subfield>
   <subfield code="c">Open Shelf</subfield>
   <subfield code="e">KOLEKSI TERBUKA</subfield>
  </datafield>
  <datafield tag="999" ind1=" " ind2=" ">
   <subfield code="a">1100007481</subfield>
   <subfield code="b">Book</subfield>
   <subfield code="c">Open Shelf</subfield>
   <subfield code="e">KOLEKSI TERBUKA</subfield>
  </datafield>
 </record>
</collection>
